000 00735nam a2200205Ii 4500
003 JO-AjNU
008 230605s9999||||xx |||||||||||||| ||und||
040 _aJO-AjNU
_bara
_erda
_cJO-AjNU
041 _aara
050 1 4 _aPJ7808.S532 1995
100 3 _aجمع وتحقيق وشرح الصمد، واضح محمد,
_eauthor
_940728
245 0 0 _aديوان أبي الشمقمق
250 _aط1
264 3 1 _aبيروت: دار الكتب العلمية، 1995
300 _a126ص
_bيشتمل على إرجاعات ببليوجرافية
336 _atext
_btxt
_2rdacontent
337 _aunmediated
_bn
_2rdamedia
338 _avolume
_bnc
_2rdacarrier
650 4 _aالشعراء العرب - العصر العباسي
_940729
999 _aA17308
_c20876
_d20876